00648nam a2200193 a 450000100100000000500170001000800410002702000150006804000250008308200150010810000330012324500570015626000460021330000270025950400290028604900090031595201130032499900170043700003022620200930060141.0110505s1992 dr a 000 0 spa d a8449984149 aDO-SdBNPbspacBNPHU axxxbA366h1 aAlegría, Ricardo E.91623610aHistoria de nuestros Indios /cRicardo E. Alegría. aSan Juan, Puerto Rico :bCorripio,c1992. a86 p. :bil. ;c23 cm. aBibliografías p. 85-86 aBNPD 0010718PDaPDbPDcCTd2011-05-05iLF1l0oxxx A366hp30226-10r2020-06-25w2020-06-25yLFPDZNo se presta c29718d29718